Statistiques concernant Noël par lettre - B

Cliquez ici pour prendre le quiz!

Statistiques générales

  • Ce quiz a été pris 288 fois
  • Le résultat moyen est 9 sur 10

Statistiques - réponses

IndiceRéponse% Correct
Un corps de neige et un nez-carotteBonhomme de neige
99%
Celui de Santa est rouge à pompon blancBonnet
96%
Décore également le sapin, plus rond et
inoffensif mais aussi plus fragile
Boule
96%
Dessert noëlesque par excellenceBûche
96%
Complétez le titre: Jingle ___Bells
94%
Celle de Santa est blanche et fournieBarbe
90%
Roi mage, avec Gaspard et MelchiorBalthazar
82%
Décore parfois l'arbre de Noël, mais
attention au risque d'incendie
Bougie
78%
Aux côtés de l'âne dans la crècheBœuf
70%
Le Christ y naquitBethléem
62%

Distribution des résultats

Percentile par nombre de réponses

% des personnes avec chaque résultat

Votre développement - résultats

Vous n’avez pas pris ce quiz